| 000 | 00662nam a2200205 a 4500 | ||
|---|---|---|---|
| 005 | 20240925065113.0 | ||
| 008 | 991125s1984 bar 000 0 spa u | ||
| 020 | _a8475093183 | ||
| 035 | _aUPN01000006690 | ||
| 049 | _aCG | ||
| 050 | 4 |
_aHM251 _bG4.48 |
|
| 100 | 1 | _aGerth, Hans | |
| 245 | 1 | 0 |
_aCarácter y estructura social : _bla psicología de las instituciones sociales / _cHans Gerth y Charles Wright Mills ; tr. Elizabeth Gelin. |
| 260 |
_aBarcelona, Esp. : _bPaidós, _c1984. |
||
| 300 | _a441 p. | ||
| 440 | 0 |
_aPaidós studio ; _v19 |
|
| 650 | 4 |
_aPsicología social _95889 |
|
| 700 | 1 |
_aMills, Charles Wright, _d1916-1962 _ecoaut. _929271 |
|
| 905 | _aLibro | ||
| 999 |
_c6690 _d6690 |
||